|
|
|
|
| LEADER |
00000nam0a2200000 4500 |
| 001 |
257283 |
| 005 |
20231101233205.0 |
| 035 |
|
|
|a (RuTPU)RU\TPU\book\280073
|
| 090 |
|
|
|a 257283
|
| 100 |
|
|
|a 20140415d1987 k y0rusy50 ca
|
| 101 |
0 |
|
|a rus
|
| 102 |
|
|
|a RU
|
| 105 |
|
|
|a ac z 001zy
|
| 200 |
1 |
|
|a Современные проблемы аэромеханики
|e сборник научных статей
|f под ред. Г. И. Петрова
|
| 210 |
|
|
|a Москва
|c Машиностроение
|d 1987
|
| 215 |
|
|
|a 202 с.
|c ил.
|
| 320 |
|
|
|a Библиогр. в конце ст.
|
| 606 |
1 |
|
|a Аэромеханика
|2 stltpush
|3 (RuTPU)RU\TPU\subj\29930
|9 53151
|
| 610 |
1 |
|
|a проблемы
|
| 610 |
1 |
|
|a летательные аппараты
|
| 610 |
1 |
|
|a многофазные среды
|
| 610 |
1 |
|
|a течение
|
| 610 |
1 |
|
|a газовые смеси
|
| 610 |
1 |
|
|a гидродинамика
|
| 610 |
1 |
|
|a прочность
|
| 610 |
1 |
|
|a водород
|
| 610 |
1 |
|
|a авиационное топливо
|
| 675 |
|
|
|a 533.6
|v 3
|
| 702 |
|
1 |
|a Петров
|b Г. И.
|4 340
|
| 801 |
|
1 |
|a RU
|b 63413507
|c 20140415
|
| 801 |
|
2 |
|a RU
|b 63413507
|c 20141007
|g RCR
|
| 942 |
|
|
|c BK
|